Historians and the history of Transylvania
Αποθηκεύτηκε σε:
| Άλλοι συγγραφείς: | |
|---|---|
| Μορφή: | Βιβλίο |
| Γλώσσα: | English |
| Δημοσίευση: |
New York :
Columbia University Press,
1992
|
| Σειρά: | East European monographs ;
; 332 |
| Θέματα: | |
| Ετικέτες: |
Προσθήκη ετικέτας
Δεν υπάρχουν, Καταχωρήστε ετικέτα πρώτοι!
|
MARC
| LEADER | 00000cam a2200000 i 4500 | ||
|---|---|---|---|
| 001 | 1/12843 | ||
| 008 | 001024s1992 eng d | ||
| 020 | |a 0-88033-229-8 | ||
| 035 | |l 10064371 | ||
| 040 | |a GR-MY-UA |b gre |e aacr | ||
| 041 | 0 | |a eng | |
| 082 | 0 | |a 949.84 | |
| 245 | 1 | 0 | |a Historians and the history of Transylvania / |c edited by Laszlo Peter |
| 260 | |a New York : |b Columbia University Press, |c 1992 | ||
| 300 | |a ix, 254 p. |b maps | ||
| 490 | 1 | |a East European monographs |v ; 332 | |
| 504 | |a Includes bibliographical references and index | ||
| 651 | 0 | |a Transylvania (Romania) |x Historiography. | |
| 700 | 1 | |a Peter, L. |q (Laszlo), |d 1929-2008. |4 edt | |
| 830 | 0 | |a East European monographs ; |v ; 332 | |
| 852 | |a INST |b LESVOS |e 20001024 |h 949.84 PET |p 005100025495 |q 005100025495 |t BK |y 0 | ||
| 901 | |a BIBL1-2000-3 | ||
| 909 | |a Λ |b 080991 | ||
| 970 | |a ΤΖΑΦΕΡΗ |b ΕΥΑΓΓΕΛΙΑ |z 2000/10/24 | ||